<?xml version="1.0" encoding="UTF-8"?>
<record
    xmlns:xsi="http://www.w3.org/2001/XMLSchema-instance"
    xsi:schemaLocation="http://www.loc.gov/MARC21/slim http://www.loc.gov/standards/marcxml/schema/MARC21slim.xsd"
    xmlns="http://www.loc.gov/MARC21/slim">

  <leader>01160nam a22002297a 4500</leader>
  <controlfield tag="001">2145</controlfield>
  <controlfield tag="003">DO-SdBNP</controlfield>
  <controlfield tag="005">20180214111135.0</controlfield>
  <controlfield tag="007">2145</controlfield>
  <controlfield tag="008">160614b 2007 dr |||| 00| 0 spa d</controlfield>
  <datafield tag="020" ind1=" " ind2=" ">
    <subfield code="a">9789945161533</subfield>
  </datafield>
  <datafield tag="040" ind1=" " ind2=" ">
    <subfield code="a">BPMSU</subfield>
    <subfield code="b">spa </subfield>
    <subfield code="c">BPMSU</subfield>
  </datafield>
  <datafield tag="100" ind1=" " ind2=" ">
    <subfield code="a">Ovalle, Luc&#xED;a.</subfield>
  </datafield>
  <datafield tag="245" ind1=" " ind2=" ">
    <subfield code="a"> Hacia una comprensi&#xF3;n de las relaciones humanas : </subfield>
    <subfield code="b">su aplicaci&#xF3;n en el trabajo / </subfield>
    <subfield code="c">Luc&#xED;a Ovalle ; </subfield>
  </datafield>
  <datafield tag="250" ind1=" " ind2=" ">
    <subfield code="a">6a. ed. </subfield>
  </datafield>
  <datafield tag="260" ind1=" " ind2=" ">
    <subfield code="a">Santo Domingo : </subfield>
    <subfield code="b">B&#xFA;ho, </subfield>
    <subfield code="c">2007</subfield>
    <subfield code="g">(3a. reimpresi&#xF3;n del 2014)</subfield>
  </datafield>
  <datafield tag="300" ind1=" " ind2=" ">
    <subfield code="a">200 p. : </subfield>
    <subfield code="b">il.;</subfield>
    <subfield code="c">24 cm. </subfield>
  </datafield>
  <datafield tag="505" ind1=" " ind2=" ">
    <subfield code="a"> Contenidos:
</subfield>
    <subfield code="t">Introducci&#xF3;n --</subfield>
    <subfield code="t">Introducci&#xF3;n a la sexta edici&#xF3;n --</subfield>
    <subfield code="t"> Relaciones humanas --</subfield>
    <subfield code="t"> La personalidad y el conocimiento del yo -- </subfield>
    <subfield code="t"> La motivaci&#xF3;n y la conducta -- </subfield>
    <subfield code="t"> La comunicaci&#xF3;n -- </subfield>
    <subfield code="t"> La retroalimentaci&#xF3;n -- </subfield>
    <subfield code="t"> Conflicto y frustraci&#xF3;n --
</subfield>
    <subfield code="t"> La autoridad -- </subfield>
    <subfield code="t"> Trabajo en equipo -- </subfield>
    <subfield code="t">  El cambio -- </subfield>
    <subfield code="t"> Principales problemas de las relaciones humanas -- </subfield>
    <subfield code="t"> Principios generales para lograr adecuadas relaciones -- </subfield>
    <subfield code="t"> Actitudes que favorecen las relaciones humanas -- </subfield>
  </datafield>
  <datafield tag="942" ind1=" " ind2=" ">
    <subfield code="2">ddc</subfield>
    <subfield code="c">BK</subfield>
  </datafield>
  <datafield tag="945" ind1=" " ind2=" ">
    <subfield code="a">Inventariado, 2018/ YL</subfield>
  </datafield>
  <datafield tag="952" ind1=" " ind2=" ">
    <subfield code="0">0</subfield>
    <subfield code="1">0</subfield>
    <subfield code="2">ddc</subfield>
    <subfield code="4">0</subfield>
    <subfield code="7">0</subfield>
    <subfield code="8">CD</subfield>
    <subfield code="a">BPMET</subfield>
    <subfield code="b">BPMET</subfield>
    <subfield code="d">2016-06-14</subfield>
    <subfield code="l">0</subfield>
    <subfield code="p">BPMSU16060186</subfield>
    <subfield code="r">2016-06-14</subfield>
    <subfield code="w">2016-06-14</subfield>
    <subfield code="y">BK</subfield>
  </datafield>
  <datafield tag="956" ind1=" " ind2=" ">
    <subfield code="a">VMATEO</subfield>
    <subfield code="b">10</subfield>
    <subfield code="c">20160614</subfield>
    <subfield code="d">BPMSU</subfield>
    <subfield code="f">0069</subfield>
  </datafield>
  <datafield tag="999" ind1=" " ind2=" ">
    <subfield code="c">10381</subfield>
    <subfield code="d">10381</subfield>
  </datafield>
</record>
